| 000 | 00495nam a22001937a 4500 | ||
|---|---|---|---|
| 003 | MPLRDC | ||
| 005 | 20220104142849.0 | ||
| 008 | 210129b ||||| |||| 00| 0 eng d | ||
| 020 | _a957-529-085-2 | ||
| 082 | _a496.5 BLC | ||
| 100 | _a凯里. 布兰查 | ||
| 245 |
_a推销员的圣经 _c杨慧敏编辑 |
||
| 250 | _a一版 | ||
| 260 |
_a _b世茂出版社 _c1990 |
||
| 300 | _b平 | ||
| 490 | _a上班族智慧飨宴. 37 | ||
| 650 | _a推销策略; 贩卖术 | ||
| 942 |
_cBK _o496.5 BLC |
||
| 999 |
_c34329 _d34319 |
||